Central Library OPAC University of Rajshahi

Cows and poultry in India, their care and management / (Record no. 54951)

MARC details
000 -LEADER
fixed length control field 00734nam a2200265 a 4500
001 - CONTROL NUMBER
control field 54951
003 - CONTROL NUMBER IDENTIFIER
rucl marc code BD-RjUL
005 - DATE AND TIME OF LATEST TRANSACTION
control field 20211209080207.0
008 - FIXED-LENGTH DATA ELEMENTS--GENERAL INFORMATION
fixed length control field 161113s2004 ii ||||| |||| 00| 0 eng d
020 ## - INTERNATIONAL STANDARD BOOK NUMBER
International Standard Book Number 8176220973
035 ## - SYSTEM CONTROL NUMBER
System control number (BD-RjUL)55073
040 ## - CATALOGING SOURCE
Original cataloging agency BD-RjUL
Language of cataloging eng
Transcribing agency BD-RjUL
041 ## - LANGUAGE CODE
Language code of text/sound track or separate title eng
082 ## - DEWEY DECIMAL CLASSIFICATION NUMBER
Edition number 23
Classification number 636.20954
Author mark and year JAC 2004
100 1# - MAIN ENTRY--PERSONAL NAME
Personal name James, E. B.
9 (RLIN) 163835
245 ## - TITLE STATEMENT
Title Cows and poultry in India, their care and management /
Statement of responsibility, etc. E. B. James
250 ## - EDITION STATEMENT
Edition statement 2nd ed.
260 ## - PUBLICATION, DISTRIBUTION, ETC. (IMPRINT)
Place of publication, distribution, etc. Delhi :
Name of publisher, distributor, etc. Biotech Books,
Date of publication, distribution, etc. 2004
300 ## - PHYSICAL DESCRIPTION
Pagination xiii, 114 p. :
Illustrations ill. ;
Size 21 cm
500 ## - GENERAL NOTE
General note Includes Index
650 ## - SUBJECT ADDED ENTRY--TOPICAL TERM
Topical term or geographic name as entry element Cows
Geographic subdivision India.
9 (RLIN) 163836
Topical term or geographic name as entry element Poultry
Geographic subdivision India.
9 (RLIN) 163837
Topical term or geographic name as entry element Cows.
9 (RLIN) 163838
942 ## - ADDED ENTRY ELEMENTS (KOHA)
Source of classification or shelving scheme Dewey Decimal Classification
Koha item type Books
Holdings
Lost status Source of classification or shelving scheme Damaged status Not for loan Collection code Permanent Location Current Location Shelving location Date acquired Source of acquisition Cost, normal purchase price Total Checkouts Full call number Date last seen Copy number Koha item type
  Dewey Decimal Classification     Non-fiction Central Library, University of Rajshahi Central Library, University of Rajshahi   09/02/2008 Dhaka,Paragon Enterprise Lit., 250.00   636.20954 JAC 2004 13/11/2016 C-2 Books
  Dewey Decimal Classification   Not For Loan Non-fiction Central Library, University of Rajshahi Central Library, University of Rajshahi Reading Room 09/02/2008 Dhaka, Paragon Enterprises Ltd. 250.00   636.20954 JAC 2004 25/03/2017 C-1 Books